[Event "41 Abierto de Mar del Plata"]
[Site "Mar del Plata, ARG"]
[Date "2010.03.28"]
[Round "3.05"]
[White "Goldwaser, Christian"]
[Black "Penafiel, Horacio"]
[Result "1-0"]
[WhiteElo "2423"]
[BlackElo "2215"]

1. Nf3 Nf6 2. c4 g6 3. d4 Bg7 4. g3 O-O 5. Bg2 d6 6. O-O Nbd7 7. Nc3 e5 8. e4
c6 9. h3 Qb6 10. c5 dxc5 11. dxe5 Ne8 12. e6 fxe6 13. Ng5 Ne5 14. f4 Nf7 15.
Nxf7 Bd4+ 16. Kh2 Rxf7 17. e5 Nc7 18. Ne4 Nd5 19. h4 Bd7 20. Qg4 Qa6 21. h5
Kg7 22. Nd6 Rff8 23. Rd1 Rf5 24. Nxf5+ exf5 25. Qg5 Qe2 26. h6+ Kf7 27. Rd2
Qh5+ 28. Qxh5 gxh5 29. Bf3 Kg6 30. Rc2 Nb4 31. Re2 Be6 32. a3 Nd3 33. Be3 Rd8
34. Bxd4 cxd4 35. Rd1 Nc5 36. b4 Nb3 37. Rb2 d3 38. Kg2 d2 39. Rh1 h4 40.
Rbb1 Rd3 41. Rxh4 Rxf3 42. Kxf3 Nc1 43. Rh1 Bd5+ 44. Ke3 Bxh1 45. Kxd2 Bd5 46.
Rxc1 Kxh6 47. Ke3 Kg6 48. Kd4 Kf7 49. Rc2 h5 50. Rh2 Bf3 51. Ke3 1-0

[Event "41 Abierto de Mar del Plata"]
[Site "Mar del Plata, ARG"]
[Date "2010.03.28"]
[Round "3.06"]
[White "Tokman, Ariel"]
[Black "Tristan, Leonardo"]
[Result "0-1"]
[WhiteElo "2205"]
[BlackElo "2394"]

1. c4 Nf6 2. Nc3 e6 3. Nf3 d5 4. cxd5 exd5 5. d4 Bb4 6. Bg5 Nbd7 7. e3 c5 8.
Bd3 Qa5 9. Qc2 O-O 10. O-O c4 11. Bf5 Re8 12. Nd2 g6 13. Bxd7 Nxd7 14. f3 Nb6
15. Nb3 cxb3 16. axb3 Bxc3 17. Rxa5 Bxa5 18. e4 Nd7 19. Kh1 Bb6 20. Qd3 Nf8
21. h3 Bd7 22. e5 Bf5 23. Qd2 Rac8 24. g4 Bc2 25. Qb4 Rc6 26. Rf2 Rec8 27.
Rd2 Ne6 28. Be3 Kg7 29. Kg1 g5 30. h4 h6 31. Qe7 R8c7 32. Qf6+ Kh7 33. hxg5
Nxg5 34. Qd8 Nxf3+ 35. Kf1 Nxd2+ 36. Bxd2 Bd3+ 37. Kf2 Bxd4+ 38. Kg3 Bxe5+ 39.
Kf3 Be4+ 40. Kf2 Rc2 0-1

[Event "41 Abierto de Mar del Plata"]
[Site "Mar del Plata, ARG"]
[Date "2010.03.28"]
[Round "3.07"]
[White "Claverie, Raul"]
[Black "Mavrich, Leandro Nicolas"]
[Result "1-0"]
[WhiteElo "2395"]
[BlackElo "2187"]

1. d3 Nf6 2. f4 c5 3. Nf3 Nc6 4. g3 e6 5. Bg2 Be7 6. e4 b5 7. a4 b4 8. O-O c4
9. e5 Qb6+ 10. Kh1 Ng4 11. d4 c3 12. a5 cxb2 13. Bxb2 Nxa5 14. Ne1 Ne3 15.
Qf3 Nd5 16. f5 Rf8 17. Nd2 Bb7 18. fxe6 dxe6 19. Nd3 Rc8 20. Nc5 Ba8 21. Qd3
g6 22. Nde4 Nb7 23. Ra6 Nxc5 24. dxc5 Qb8 25. Rfa1 Rc7 26. Nd6+ Kd7 27. Nb5
Rxc5 28. Rxa7+ Bb7 29. Rxb7+ Qxb7 30. Ra7 Qxa7 31. Nxa7 Ra8 32. Qa6 Ke8 33.
Bxd5 exd5 34. Bd4 Rc7 35. Nb5 Rcc8 36. Nc7+ 1-0

[Event "41 Abierto de Mar del Plata"]
[Site "Mar del Plata, ARG"]
[Date "2010.03.28"]
[Round "3.08"]
[White "Alfaro, Luis"]
[Black "Piscicelli, Daniel"]
[Result "1/2-1/2"]
[WhiteElo "2186"]
[BlackElo "2363"]

1. c4 c5 2. Nc3 b6 3. e4 Bb7 4. d3 g6 5. g3 Bg7 6. Bg2 d6 7. Nge2 e6 8. O-O
Nc6 9. f4 Nge7 10. h3 Qd7 11. Rb1 O-O 12. g4 f5 13. Ng3 Nd4 14. Nce2 a6 15.
Nxd4 Bxd4+ 16. Kh2 Kh8 17. b3 b5 18. Bb2 Nc6 19. Ne2 Bxb2 20. Rxb2 Qg7 21. Rd2
Nd4 22. Qe1 Rac8 23. Qf2 b4 24. Kg3 Kg8 1/2-1/2

[Event "41 Abierto de Mar del Plata"]
[Site "Mar del Plata, ARG"]
[Date "2010.03.28"]
[Round "3.09"]
[White "Barreto Filho, Carlos Alberto"]
[Black "Zuriel, Marisa"]
[Result "1/2-1/2"]
[WhiteElo "2362"]
[BlackElo "2177"]

1. d4 Nf6 2. c4 c5 3. d5 b5 4. cxb5 a6 5. bxa6 g6 6. Nc3 Bxa6 7. Nf3 Bg7 8.
g3 d6 9. Bg2 Nbd7 10. Rb1 Nb6 11. b3 O-O 12. O-O Qc7 13. Re1 Qb7 14. e4 Ng4
15. Bb2 Nd7 16. Na4 Nge5 17. Nxe5 Nxe5 18. f4 Nd3 19. Bxg7 Nxe1 20. Bxf8 Nxg2
21. Kxg2 Kxf8 22. Qd2 Qb4 23. Qxb4 cxb4 24. Rb2 Bb5 25. Nb6 Ra6 26. Nc4 Bxc4
27. bxc4 Ra3 28. Kf2 Ke8 29. e5 Kd7 30. Rxb4 Rxa2+ 31. Kf3 Ra7 32. Ke4 Kc7 33.
exd6+ exd6 34. f5 Ra1 35. fxg6 fxg6 36. Rb3 Re1+ 37. Re3 Rh1 38. h4 Rf1 39.
Rf3 Re1+ 40. Kd4 Rd1+ 41. Kc3 Rc1+ 42. Kd3 Rd1+ 43. Ke4 Re1+ 44. Kf4 Rc1 45.
Kg5 Rxc4 46. Kh6 Rg4 47. Kxh7 Kd7 48. Re3 Kc7 49. Kg7 Kb6 50. Rc3 Kb5 51. Kf6
Kb4 52. Re3 Kc4 53. Ke6 Kc5 54. Rc3+ Kd4 55. Ra3 Kc5 56. Ra5+ Kb6 57. Ra8
Rxg3 58. Kxd6 Rh3 59. Rb8+ Ka7 60. Rh8 g5 61. h5 g4 62. Kc7 g3 63. d6 g2 64.
Rg8 Rxh5 65. d7 Rc5+ 66. Kd6 Rc2 67. Ke6 Re2+ 68. Kd6 Rd2+ 69. Kc7 Rc2+ 70. Kd8
Kb7 71. Rg3 Rb2 72. Rg6 Re2 73. Rg8 Rb2 74. Rg3 Kb8 75. Rg8 Re2 76. Rg5 Rb2
77. Ke7 Re2+ 78. Kd6 Rd2+ 79. Kc6 Rc2+ 80. Kd6 Rd2+ 81. Ke7 Re2+ 82. Kd8 Rb2
83. Rg8 Re2 84. Rg3 Rb2 85. Rg4 Kb7 86. Rg3 Kb8 87. Rg7 Re2 88. Rg8 Kb7 89.
Rg4 Rb2 90. Rg7 Re2 91. Rg6 Rd2 92. Rg3 Rb2 93. Ke7 Re2+ 94. Kd8 Rb2 95. Rg6
Re2 96. Rg5 Rb2 97. Rg4 Kb8 1/2-1/2

[Event "41 Abierto de Mar del Plata"]
[Site "Mar del Plata, ARG"]
[Date "2010.03.28"]
[Round "3.10"]
[White "Fiori, Alberto Nicolas"]
[Black "Leskovar, Mario"]
[Result "1/2-1/2"]
[WhiteElo "2170"]
[BlackElo "2357"]

1. d4 g6 2. e4 Bg7 3. Nc3 d6 4. Be3 a6 5. a4 b6 6. Nf3 e6 7. Qd2 Nd7 8. Bc4
h6 9. O-O Ne7 10. Rae1 Bb7 11. h3 Nf6 12. Bf4 g5 13. Bh2 g4 14. hxg4 Nxg4 15.
Bg3 Ng6 16. Qe2 h5 17. d5 e5 18. Nh2 Bc8 19. Nxg4 hxg4 20. f3 Nf4 21. Qf2 Qg5
22. Nd1 gxf3 23. Qxf3 Bg4 24. Qc3 Qh6 25. Kf2 Qf6 26. Bd3 Kd7 1/2-1/2

[Event "41 Abierto de Mar del Plata"]
[Site "Mar del Plata, ARG"]
[Date "2010.03.28"]
[Round "3.11"]
[White "De Dovitiis, Alejo"]
[Black "Bassan, Remo"]
[Result "1-0"]
[WhiteElo "2355"]
[BlackElo "2165"]

1. Nf3 Nf6 2. c4 g6 3. Nc3 d5 4. cxd5 Nxd5 5. e4 Nxc3 6. dxc3 Qxd1+ 7. Kxd1
Bg7 8. Bf4 c6 9. Kc2 Nd7 10. a4 Nc5 11. Nd2 Be6 12. b4 Nd7 13. Bc4 Nf8 14. Be3
b6 15. Rhd1 Be5 16. f4 Bc7 17. g3 h5 18. Bxe6 Nxe6 19. Nf3 f6 20. f5 gxf5
21. exf5 Ng7 22. Nh4 Kf7 23. Rd7 Rhc8 24. Re1 Bd6 25. Rd1 Be5 26. Bh6 Rc7 27.
Bxg7 Kxg7 28. Ng6 Rxd7 29. Rxd7 Bd6 30. Nxe7 Bxe7 31. Rxe7+ Kh6 32. Re6 Kg5
33. Rxc6 Kxf5 34. Rc4 Re8 35. Rf4+ Kg5 36. Kd2 Re7 37. Rd4 Kf5 38. c4 Re5 39.
Rf4+ Kg5 40. Rf1 Re6 41. Kd3 f5 42. Rf4 Re7 43. c5 bxc5 44. bxc5 Rd7+ 45. Kc4
Kf6 46. Rd4 Rh7 47. Rh4 Ke5 48. Rh3 Rg7 49. Kb5 Rb7+ 50. Kc6 Rb4 51. a5 Ra4
52. Kb5 1-0

[Event "41 Abierto de Mar del Plata"]
[Site "Mar del Plata, ARG"]
[Date "2010.03.28"]
[Round "3.12"]
[White "Herrera, Martin"]
[Black "Quiroga, Facundo"]
[Result "0-1"]
[WhiteElo "2157"]
[BlackElo "2334"]

1. e4 c5 2. d4 cxd4 3. c3 Nf6 4. e5 Nd5 5. Bc4 Nb6 6. Bb3 d5 7. cxd4 Bf5 8.
Nc3 e6 9. g4 Bg6 10. h4 h6 11. Nge2 Be7 12. Nf4 Bh7 13. g5 hxg5 14. hxg5 Kd7
15. Qh5 Nc6 16. Qxf7 Bf5 17. Nh5 Qf8 18. Qxf8 Raxf8 19. Be3 Bg6 20. Ng3 Rxh1+
21. Nxh1 Nb4 22. Kd2 Nd3 23. Na4 Bb4+ 24. Ke2 Nf4+ 25. Kf1 Bd3+ 26. Kg1 Nc4
27. Bxc4 dxc4 28. Nc3 Bxc3 29. bxc3 Ne2+ 30. Kg2 Nxc3 31. Ng3 Nd5 32. a4 b6
33. Bc1 Nf4+ 34. Kh2 Kc6 35. f3 Kd5 36. Be3 c3 37. Rc1 Kc4 38. Bxf4 Rxf4 39. d5
Rxf3 40. dxe6 Re3 41. Nh5 Rxe5 42. Nxg7 c2 43. Kh3 Kc3 44. Kg4 Kb2 0-1

[Event "41 Abierto de Mar del Plata"]
[Site "Mar del Plata, ARG"]
[Date "2010.03.28"]
[Round "3.13"]
[White "Contin, Daniel"]
[Black "Bustamante, Leonidas"]
[Result "1-0"]
[WhiteElo "2309"]
[BlackElo "2152"]

1. d4 Nf6 2. Nf3 g6 3. c4 Bg7 4. Nc3 O-O 5. g3 d5 6. cxd5 Nxd5 7. Bg2 c5 8.
Qb3 Nxc3 9. bxc3 Nc6 10. dxc5 Qa5 11. O-O Qxc5 12. Rb1 Bf5 13. Be3 Qa5 14.
Rbc1 Be6 15. c4 Qa6 16. Qb5 Qxa2 17. Ng5 Bc8 18. Rfd1 Qb2 19. Bd5 e6 20. Bg2 a5
21. Bc5 Re8 22. Ne4 a4 23. Nd6 Rd8 24. Bxc6 bxc6 25. Qxc6 Bd7 26. Qf3 a3 27.
Qxf7+ Kh8 28. Qe7 Qf6 29. Nf7+ Kg8 30. Nxd8 Rxd8 31. Bxa3 1-0

[Event "41 Abierto de Mar del Plata"]
[Site "Mar del Plata, ARG"]
[Date "2010.03.28"]
[Round "3.14"]
[White "Lopez Gomez, Diego"]
[Black "Landriel, Mario"]
[Result "0-1"]
[WhiteElo "2136"]
[BlackElo "2309"]

1. d4 Nf6 2. c4 g6 3. Nc3 Bg7 4. e4 d6 5. Be2 O-O 6. Nf3 Bg4 7. Ng1 Bxe2 8.
Ngxe2 c5 9. d5 b5 10. cxb5 a6 11. bxa6 Qa5 12. O-O Qxa6 13. Ng3 Nbd7 14. f4
Rfb8 15. Re1 Ne8 16. Qe2 Nc7 17. Qg4 Qc8 18. Re2 Nb5 19. Nxb5 Rxb5 20. Rc2 Qb7
21. Qe2 Bd4+ 22. Kh1 Nf6 23. Nf1 Rba5 24. a3 Qb5 25. Qxb5 Rxb5 26. Nd2 Ng4
27. Nf3 Nf2+ 28. Kg1 Nxe4+ 29. Nxd4 cxd4 30. Re2 f5 31. g4 d3 32. Rg2 fxg4 33.
a4 Rxd5 34. Bd2 h5 35. b4 Rd4 36. a5 Nxd2 37. Rxd2 Rxb4 38. Rxd3 Ra6 39. Re3
Kf7 40. Rae1 Ra7 41. Ra3 Rxf4 42. a6 d5 43. Ra5 Rf6 44. Rxd5 Rfxa6 45. Rf1+
Rf6 46. Re1 Raa6 47. Rd7 Rae6 0-1

[Event "41 Abierto de Mar del Plata"]
[Site "Mar del Plata, ARG"]
[Date "2010.03.28"]
[Round "3.15"]
[White "Ramirez, Emilio Felix"]
[Black "Judewicz, Alejandro"]
[Result "1-0"]
[WhiteElo "2288"]
[BlackElo "2058"]

1. e4 c6 2. d4 d5 3. Nc3 dxe4 4. Nxe4 Bf5 5. Ng3 Bg6 6. N1e2 Nd7 7. Nf4 e5 8.
Nxg6 hxg6 9. Qe2 Qe7 10. Be3 exd4 11. Bxd4 Ngf6 12. O-O-O Qxe2 13. Bxe2
O-O-O 14. Bc4 Ng4 15. Bxf7 c5 16. Be6 cxd4 17. Bxg4 Kc7 18. Rxd4 Ne5 19. Rxd8
Kxd8 20. Be2 Be7 21. f4 Nc6 22. Ne4 Kc7 23. c3 a6 24. g3 b5 25. h4 Re8 26. Bd3
b4 27. Kc2 a5 28. Nd2 Bf6 29. Bxg6 Re3 30. Ne4 Re2+ 31. Kd3 Rg2 32. h5 Be7 33.
Rb1 a4 34. Bf7 Kb6 35. Ke3 Nd8 36. Bd5 Rh2 37. g4 Bc5+ 38. Kf3 Rh3+ 39. Ng3
Rh2 40. Nf5 Rf2+ 41. Kg3 Rd2 42. Bc4 Rd7 43. g5 Bf8 44. cxb4 Bxb4 45. h6 gxh6
46. gxh6 Nf7 47. Bxf7 Rxf7 48. Kg4 Bf8 49. Kg5 Kc5 50. Kg6 Rxf5 51. Kxf5
Bxh6 52. Ke5 Bg7+ 53. Ke6 Kc4 54. b3+ 1-0

[Event "41 Abierto de Mar del Plata"]
[Site "Mar del Plata, ARG"]
[Date "2010.03.28"]
[Round "3.16"]
[White "Zamorano, Jorge Adrian"]
[Black "Evans, Pablo"]
[Result "1-0"]
[WhiteElo "2264"]
[BlackElo "2043"]

1. d4 Nf6 2. c4 b6 3. Nf3 Bb7 4. g3 e6 5. Bg2 Bb4+ 6. Bd2 Bxd2+ 7. Qxd2 O-O
8. Nc3 d5 9. cxd5 exd5 10. O-O Nbd7 11. b4 Re8 12. Qb2 Ne4 13. Rac1 c6 14. e3
Nxc3 15. Rxc3 Ba6 16. Rfc1 Bc4 17. Rxc4 dxc4 18. Rxc4 Rc8 19. Qc2 c5 20. bxc5
bxc5 21. dxc5 Rxc5 22. Rxc5 Nxc5 23. h4 Ne6 24. Qa4 a5 25. Kh2 Nc5 26. Qc2
Ne6 27. Qc6 Qb8 28. Qa4 Nc5 29. Qxa5 Ne4 30. Ng5 Nxg5 31. hxg5 g6 32. Bd5 Qd8
33. Qb5 Kg7 34. Qb7 Qe7 35. Qb2+ Qe5 36. Qxe5+ Rxe5 37. e4 Re7 38. f4 Ra7 39.
Kg2 Kf8 40. Kf3 Ra3+ 41. Bb3 Ra5 42. Ke3 Rc5 43. Kd2 Ke7 44. e5 Rb5 45. Kc3
Rb8 46. a4 Ra8 47. Kb4 Rb8+ 48. Kc3 Ra8 49. g4 Ra7 50. Kb4 Rb7+ 51. Ka3 Kd8
52. f5 Re7 53. e6 fxe6 54. f6 Rc7 55. Kb4 Rb7+ 56. Kc3 e5 57. Bd5 Ra7 58. Kb4
Rd7 59. Kc5 Ra7 60. Kb5 Rd7 61. Kc6 Ra7 62. Kd6 Ke8 63. Bc6+ Kf8 64. Kxe5 Ra6
65. Kd6 Rb6 66. Kc5 Rb1 67. a5 Rg1 68. a6 Ra1 69. Kb6 Rb1+ 70. Bb5 Ra1 71.
a7 Ra3 72. Ba6 Rb3+ 73. Kc5 1-0

[Event "41 Abierto de Mar del Plata"]
[Site "Mar del Plata, ARG"]
[Date "2010.03.28"]
[Round "3.18"]
[White "Alonso, Salvador"]
[Black "Chavarria, Bily"]
[Result "1-0"]
[WhiteElo "2497"]
[BlackElo "1954"]

1. e4 e5 2. Nf3 Nc6 3. Bb5 a6 4. Ba4 Nf6 5. O-O Nxe4 6. d4 b5 7. Bb3 d5 8.
dxe5 Be6 9. Be3 Bc5 10. Qd3 O-O 11. Nc3 Nb4 12. Qe2 Nxc3 13. bxc3 Bxe3 14. Qxe3
Nc6 15. Rad1 Na5 16. Qc5 Nb7 17. Qe3 c5 18. Bxd5 Bxd5 19. c4 bxc4 20. Rd2
Qd7 21. Rfd1 Qa4 22. Rxd5 Qxc2 23. R5d2 Qa4 24. e6 fxe6 25. Qxe6+ Kh8 26. Ne5
Qe8 27. Qxe8 Raxe8 28. Nxc4 Rd8 29. g3 Kg8 30. Kg2 Rxd2 31. Rxd2 Rd8 32. Rb2
Nd6 33. Rd2 Nb7 34. Rxd8+ Nxd8 35. Kf3 Kf7 36. Ke4 Ke6 37. f4 g6 38. g4 Nf7
39. a4 h5 40. h3 hxg4 41. hxg4 Nh6 42. Ne5 Ng8 43. Nxg6 Nf6+ 44. Kf3 Nd5 45.
Ne5 a5 46. Nc4 Nc3 47. Nxa5 Nxa4 48. Nc4 Nc3 49. g5 Nd5 50. Kg4 Ne7 51. Ne3 Nc6
52. Kf3 Ne7 53. Ke4 Nc6 54. f5+ Kf7 55. Nc4 Ke7 56. Kd5 Nd4 57. f6+ Kf7 58.
Ne5+ Kg8 59. g6 Nf5 60. Nd7 1-0

[Event "41 Abierto de Mar del Plata"]
[Site "Mar del Plata, ARG"]
[Date "2010.03.28"]
[Round "3.19"]
[White "Moccero, Eduardo"]
[Black "Cubas, Jose Fernando"]
[Result "0-1"]
[WhiteElo "2054"]
[BlackElo "2460"]

1. d4 d5 2. Nf3 Nf6 3. e3 c5 4. c3 e6 5. Bd3 Nc6 6. O-O Bd6 7. Nbd2 O-O 8.
dxc5 Bxc5 9. e4 Qc7 10. Qe2 Bd6 11. Re1 Ng4 12. Nf1 Bd7 13. Bc2 Rae8 14. exd5
exd5 15. Qd3 g6 16. Bg5 Nce5 17. Nxe5 Rxe5 18. Rxe5 Bxe5 19. Ng3 Qb6 20. Qd2
Qxb2 21. Rb1 Qxa2 22. h3 h6 23. Rxb7 Bc6 24. hxg4 Bxb7 25. Bxh6 Re8 26. f4
Qa1+ 27. Kh2 Bxc3 28. Qd3 Bg7 29. Bxg7 Qxg7 30. Qb5 Re7 31. Qb4 Qh8+ 32. Nh5 Kf8
33. Qd6 gxh5 34. Qd8+ Re8 35. Qd6+ Kg8 36. g5 Qd4 37. g6 Qg7 38. Qd7 Rb8 39.
Qc7 Rc8 40. Qxb7 Rxc2 41. Qb8+ Qf8 42. gxf7+ Kxf7 43. Qb7+ Kg6 44. Qa6+ Kg7
45. Qxa7+ Qf7 46. Qd4+ Qf6 0-1

[Event "41 Abierto de Mar del Plata"]
[Site "Mar del Plata, ARG"]
[Date "2010.03.28"]
[Round "3.20"]
[White "Mavrich, Demian"]
[Black "Fidel, Roberto Oscar"]
[Result "1-0"]
[WhiteElo "2224"]
[BlackElo "2154"]

1. e4 e6 2. d3 d5 3. Nd2 Nf6 4. Ngf3 c5 5. g3 Nc6 6. Bg2 Be7 7. O-O O-O 8.
Re1 b5 9. Qe2 b4 10. e5 Nd7 11. c4 bxc3 12. bxc3 Ba6 13. Nf1 Qa5 14. Qc2 Rab8
15. h4 Rfc8 16. h5 Qb5 17. Re3 Nd4 18. Qd1 Nf5 19. c4 Nxe3 20. Nxe3 Qa5 21.
cxd5 Qc3 22. Bd2 Qa3 23. dxe6 fxe6 24. d4 Bb7 25. dxc5 Nxc5 26. h6 Rd8 27. hxg7
Bxf3 28. Bxf3 Qd3 29. Nf1 Kxg7 30. Kg2 Rb2 31. Bh6+ Kxh6 32. Qc1+ Rd2 33.
Nxd2 Qxd2 34. Qa3 a5 35. Rd1 Qb4 36. Qe3+ Kg6 37. Rh1 Bf8 38. Bh5+ Kg7 39. Qg5+
Kh8 40. Qf6+ Kg8 41. Bf7# 1-0

[Event "41 Abierto de Mar del Plata"]
[Site "Mar del Plata, ARG"]
[Date "2010.03.28"]
[Round "3.21"]
[White "Imbert, Santiago"]
[Black "Pichot, Alan"]
[Result "0-1"]
[WhiteElo "2214"]
[BlackElo "2137"]

1. e4 c5 2. Nf3 Nc6 3. d4 cxd4 4. Nxd4 Nf6 5. Nc3 e5 6. Ndb5 d6 7. Bg5 a6 8.
Na3 b5 9. Nd5 Be7 10. Bxf6 Bxf6 11. c3 Bg5 12. Nc2 O-O 13. a4 bxa4 14. Rxa4
a5 15. Bc4 Rb8 16. b3 Bd7 17. Nce3 g6 18. O-O Kh8 19. Ra3 f5 20. Be2 Be6 21.
Nc4 Rb7 22. g3 h5 23. exf5 gxf5 24. f4 exf4 25. Nxf4 Bxf4 26. Rxf4 d5 27. Nd2
Qb6+ 28. Kg2 Rg7 29. Qg1 Qc7 30. Nf3 Qxf4 0-1

[Event "41 Abierto de Mar del Plata"]
[Site "Mar del Plata, ARG"]
[Date "2010.03.28"]
[Round "3.22"]
[White "Virgillito, Cristian"]
[Black "Lovece, Ruth"]
[Result "1-0"]
[WhiteElo "2221"]
[BlackElo "2040"]

1. e4 c5 2. Nf3 d6 3. d4 cxd4 4. Nxd4 Nf6 5. Nc3 Nc6 6. Bc4 e6 7. Be3 a6 8.
Qe2 Qc7 9. Bb3 Na5 10. O-O-O Nxb3+ 11. Nxb3 Be7 12. g4 b5 13. g5 Nd7 14. Rd4
Nc5 15. Kb1 Bb7 16. f4 O-O 17. h4 f5 18. gxf6 Bxf6 19. Rg1 Nxb3 20. axb3 Bxd4
21. Bxd4 e5 22. fxe5 dxe5 23. Qh2 Rae8 24. b4 Rf7 25. Bc5 Bc6 26. Qe2 Rb8 27.
Nd1 a5 28. Ne3 Kh8 29. Nf5 Rd8 30. Qe3 Qb7 31. Qg5 Qd7 32. Nd6 Rf6 33. Qxe5
Rdf8 34. Nf5 Re8 35. Qc3 axb4 36. Bxb4 Ra8 37. b3 Qa7 38. Rxg7 Qa2+ 39. Kc1
Bxe4 40. Ra7 1-0

[Event "41 Abierto de Mar del Plata"]
[Site "Mar del Plata, ARG"]
[Date "2010.03.28"]
[Round "3.23"]
[White "Lallana Yanez, Daniel"]
[Black "Amed, Stephanie"]
[Result "0-1"]
[WhiteElo "2003"]
[BlackElo "2209"]

1. e4 e6 2. d4 d5 3. e5 c5 4. Bb5+ Nc6 5. Bxc6+ bxc6 6. c3 Qb6 7. Ne2 Ba6 8.
O-O cxd4 9. cxd4 Bxe2 10. Qxe2 Qxd4 11. Nc3 Qb6 12. Rb1 Ne7 13. Kh1 Nf5 14.
g4 Nd4 15. Qd3 c5 16. f4 Nc6 17. Qe2 d4 18. Ne4 O-O-O 19. Ng5 Qb7 20. Qg2 Rd7
21. Bd2 h6 22. Nf3 Be7 23. h4 Rd5 24. Kh2 Qc7 25. Kh3 Rhd8 26. Rfc1 f6 27.
exf6 gxf6 28. b4 Kd7 29. bxc5 Rb8 30. g5 hxg5 31. fxg5 fxg5 32. Nxg5 Qe5 33.
Rxb8 Nxb8 34. Qg4 Qf5 35. Rg1 Qd3+ 36. Kh2 Qxd2+ 37. Kh1 Bxg5 38. c6+ Nxc6 39.
Qh5 Qh2+ 0-1

[Event "41 Abierto de Mar del Plata"]
[Site "Mar del Plata, ARG"]
[Date "2010.03.28"]
[Round "3.24"]
[White "Cordero, Alfredo Rodolfo"]
[Black "Sanduay, Nicolas"]
[Result "1/2-1/2"]
[WhiteElo "2160"]
[BlackElo "2027"]

1. e4 c5 2. Nf3 e6 3. Be2 Qc7 4. O-O Nf6 5. d3 d6 6. Nbd2 Be7 7. c3 O-O 8.
Re1 Nc6 9. Qc2 b6 10. Bf1 Bb7 11. a3 d5 12. e5 Nd7 13. d4 Rac8 14. Bd3 g6 15.
Qd1 Rfe8 16. Nf1 f6 17. exf6 Bxf6 18. Bb5 e5 19. dxe5 Ncxe5 20. Nxe5 Bxe5 21.
Rxe5 Nxe5 22. Bxe8 Rxe8 23. Bf4 1/2-1/2

[Event "41 Abierto de Mar del Plata"]
[Site "Mar del Plata, ARG"]
[Date "2010.03.28"]
[Round "3.26"]
[White "Mussanti, Diego"]
[Black "Couso, Juan Jose"]
[Result "1-0"]
[WhiteElo "2312"]
[BlackElo "1972"]

1. e4 c5 2. Nf3 Nc6 3. d4 cxd4 4. Nxd4 a6 5. Nc3 d6 6. Bc4 Nf6 7. Nxc6 bxc6
8. e5 Ng8 9. Qf3 e6 10. Qxc6+ Bd7 11. Qe4 dxe5 12. Qxe5 Nf6 13. O-O Qb6 14.
Be3 Qb4 15. Bb3 Bd6 16. Qd4 Qb8 17. h3 O-O 18. Rad1 Be5 19. Qh4 Bc6 20. Bd4 Rd8
21. Bxe5 Qxe5 22. Rfe1 Qf5 23. Ne2 g5 24. Qg3 Ne4 25. Qe3 e5 26. c3 Qg6 27.
f3 Nf6 28. Qxe5 Rxd1 29. Bxd1 Re8 30. Qc5 Nd5 31. Bb3 Nf4 32. Nxf4 Rxe1+ 33.
Kf2 gxf4 34. Kxe1 Qb1+ 35. Bd1 Qg6 36. Be2 Qxg2 37. Qxc6 Qg1+ 38. Kd2 Qe3+
39. Kd1 1-0

[Event "41 Abierto de Mar del Plata"]
[Site "Mar del Plata, ARG"]
[Date "2010.03.28"]
[Round "3.27"]
[White "Martyniuk, Carolina Milka"]
[Black "Languidey, Simon Alejandro"]
[Result "0-1"]
[WhiteElo "1966"]
[BlackElo "2273"]

1. c4 e5 2. Nc3 Nf6 3. Nf3 Nc6 4. g3 Bb4 5. Bg2 O-O 6. O-O e4 7. Ng5 Bxc3 8.
bxc3 Re8 9. Qc2 Qe7 10. d3 exd3 11. exd3 h6 12. Nf3 d6 13. Bd2 Bf5 14. Rfe1
Qd7 15. Nd4 Nxd4 16. cxd4 c6 17. Bc3 d5 18. c5 b5 19. a4 a6 20. Bd2 Bg6 21.
Bf4 Qf5 22. Rxe8+ Rxe8 23. axb5 axb5 24. Bf1 Nd7 25. Qd2 Nf8 26. Ra6 Ne6 27.
Be3 Rc8 28. Qa5 Ng5 29. Bxg5 hxg5 30. Ra8 Kh7 31. Rxc8 Qxc8 32. h3 Qe6 33. Qd2
Qf6 34. Qc3 Bh5 35. Bg2 Qe6 36. Qd2 f6 37. g4 Bg6 38. Bf1 Qe8 39. Qa5 Qb8 40.
Qb6 Qa8 41. Kh2 Qe8 42. Qa5 Qb8+ 43. Kg1 f5 44. Qa6 Qc7 45. Be2 Qd7 46. Qa5
Qe6 47. Qd2 Qf6 48. Qc3 Qe7 49. Qd2 fxg4 50. hxg4 Qf6 51. Qe3 Qf4 52. Qxf4
gxf4 53. Kf1 Kh6 54. Ke1 Kg5 55. Kd2 Kh4 56. Kc3 Be8 57. Bf3 Bd7 58. Kb4 Bxg4
59. Bxg4 Kxg4 60. Ka5 Kf3 61. Kb6 b4 62. Kxc6 b3 63. Kxd5 b2 64. Kd6 b1=Q 65.
d5 Qxd3 66. Kc6 Ke4 67. d6 Ke5 68. Kc7 Ke6 0-1

[Event "41 Abierto de Mar del Plata"]
[Site "Mar del Plata, ARG"]
[Date "2010.03.28"]
[Round "3.28"]
[White "Vecchio, Raul"]
[Black "Gorisnic, Eduardo"]
[Result "0-1"]
[WhiteElo "1943"]
[BlackElo "2240"]

1. e4 c5 2. Nc3 Nc6 3. Bb5 g6 4. Bxc6 bxc6 5. d3 Bg7 6. Be3 d6 7. Nge2 Nf6 8.
f3 O-O 9. O-O Rb8 10. b3 Qa5 11. Qd2 Re8 12. Rad1 Nd7 13. Bh6 Bh8 14. Qe1
Nf8 15. Bd2 Ne6 16. Kh1 Nd4 17. Nxd4 cxd4 18. Na4 Qh5 19. Qg3 Bf6 20. Qf2 Bg7
21. Nb2 f5 22. g4 fxg4 23. fxg4 Bxg4 24. Qf7+ Kh8 25. Rde1 Rf8 26. Qxe7 Bf3+
27. Rxf3 Qxf3+ 0-1

[Event "41 Abierto de Mar del Plata"]
[Site "Mar del Plata, ARG"]
[Date "2010.03.28"]
[Round "3.29"]
[White "Paveto, Kevin"]
[Black "Gonzalez, Victor Daniel"]
[Result "1-0"]
[WhiteElo "2234"]
[BlackElo "1983"]

1. e4 d5 2. exd5 Qxd5 3. Nc3 Qa5 4. d4 e5 5. Qe2 Nc6 6. Nf3 Bg4 7. d5 Bb4 8.
dxc6 Bxc3+ 9. bxc3 Bxf3 10. Qxf3 O-O-O 11. Bc4 Nf6 12. O-O e4 13. Qh3+ Kb8
14. Rb1 b6 15. Bf4 Qc5 16. Bb5 g5 17. Be3 Qxc3 18. a4 Nd5 19. a5 Rd6 20. axb6
axb6 21. Ra1 Rhd8 22. Bxb6 cxb6 23. Qxh7 Nc7 24. Qxf7 Rxc6 25. Bxc6 Qxc6 26.
Rfb1 Kb7 27. Qe7 Rd5 28. Qa3 b5 29. c4 Qxc4 30. Qa7+ Kc8 31. Rc1 1-0

[Event "41 Abierto de Mar del Plata"]
[Site "Mar del Plata, ARG"]
[Date "2010.03.28"]
[Round "3.30"]
[White "Gallego, Gonzalo"]
[Black "Epelboim, Matias"]
[Result "1-0"]
[WhiteElo "2175"]
[BlackElo "1961"]

1. d3 Nf6 2. Nf3 g6 3. g3 Bg7 4. Bg2 O-O 5. O-O d6 6. c4 c6 7. e4 e5 8. Nc3
Nh5 9. Ne1 f5 10. exf5 Qe8 11. fxg6 hxg6 12. Ne4 1-0